• 首页
  • 本馆介绍
  • 公告通知
  • 最新文献
  • 馆藏检索
  • 电子资源
  • 读者导购
  • 参考咨询
  • 我的图书馆
  • 登录
  • 详细信息显示
  • 放入我的书架
  • 预约/预借图书
  • 作者相关作品
  • 分类相关作品
  • 丛书相关作品
  • 出版社相关作品

书目信息

  • 表格格式
  • 工作单格式
  • 卡片格式
题名:
“3S”技术及其应用
    
 
作者: 冯仲科 , 余新晓 编著
分册:  
出版信息: 北京   中国林业出版社  2000.1
页数: 307页
开本: 21cm
丛书名: “3S”系列丛书
单 册:
中图分类: S757.2 , P228.4
科图分类: 56.16
主题词: 地理信息系统--di li xin xi xi tong--应用--森林资源--资源管理 , 遥感技术--yao gan ji shu
电子资源:
ISBN: 978-7-5038-2418-0
000 00892oam2 2200289 450
001 2153118198
005 20211018173724.0
010    @a978-7-5038-2418-0@dCNY23.00
100    @a20200127e20202000em y0chiy0110 ea
101 0  @achi
102    @aCN@b110000
105    @ay z 000yy
106    @ar
200 1  @a“3S”技术及其应用@A3Sji shu ji qi ying yong@f冯仲科,余新晓编著
210    @a北京@c中国林业出版社@d2000.1@h2020重印
215    @a307页@d21cm
225 2  @a“3S”系列丛书@A3Sxi lie cong shu
461  0 @12001 @a“3S”系列丛书
606 0  @a地理信息系统@Adi li xin xi xi tong@x应用@x森林资源@x资源管理
606 0  @a遥感技术@Ayao gan ji shu
690    @aS757.2@v5
690    @aP228.4@v4
692    @a56.16@v2
701  0 @a冯仲科@Afeng zhong ke@f(1962~)@4编著
701  0 @a余新晓@Ayu xin xiao@4编著
801  0 @aCN@b百万庄@c20211018
905    @b1310564-67@dS757.2@e161@f4
    
    “3S”技术及其应用/冯仲科,余新晓编著.-北京:中国林业出版社,2000.1(2020重印)
    307页;21cm.-(“3S”系列丛书)
    
    
    ISBN 978-7-5038-2418-0:CNY23.00
    
●
相关链接 在E读中查询图书 在五车中查询图书 在当当中查询图书 在豆瓣中查询图书


正题名:"3S"技术及其应用     索取号:S757.2/161         预约/预借

序号 登录号 条形码 馆藏地/架位号 状态 备注
1 1310564   213105646   第二样本阅览室/ [索取号:S757.2/161] 在馆    
2 1310565   213105655   第三借阅区/ [索取号:S757.2/161] 在馆    
3 1310566   213105664   第三借阅区/ [索取号:S757.2/161] 在馆    
4 1310567   213105673   第三借阅区/ [索取号:S757.2/161] 在馆    
唐山师范学院图书馆 欢迎您!
大连网信软件有限公司© 版权所有